Statistics for All Double Centuries in ODI Cricket

Click here to take the quiz!

General Stats

  • This quiz has been taken 20 times
  • The average score is 5 of 10

Answer Stats

RunsAnswer% Correct
200*Sachin Tendulkar
88%
264*Rohit Sharma
75%
209Rohit Sharma
75%
208*Rohit Sharma
75%
215Chris Gayle
50%
237*Martin Guptill
50%
219Virender Sehwag
50%
210*Fakhar Zaman
31%
232*Amelia Kerr
0%
229*Belinda Clark
0%

Score Distribution

Percentile by Number Answered

Percent of People with Each Score

Your Score History

You have not taken this quiz